[Event "Mecklenburg VP LL2 Ost 2122"]
[Site "Mecklenburg VP"]
[Date "2021.10.24"]
[Round "1.3"]
[White "Dupke, Andreas"]
[Black "Hertel, Johannes"]
[Result "0-1"]
[WhiteElo "1819"]
[BlackElo "1989"]
[PlyCount "56"]
[EventDate "2021.10.24"]
[EventType "team-tourn"]
[EventRounds "9"]
[EventCountry "GER"]
[SourceTitle "EXT 2024"]
[Source "ChessBase"]
[SourceDate "2023.10.10"]
[SourceVersion "1"]
[SourceVersionDate "2023.10.10"]
[SourceQuality "1"]
[WhiteTeam "Neubrandenburg II"]
[BlackTeam "Greifswald II"]
[WhiteTeamCountry "GER"]
[BlackTeamCountry "GER"]

1. e4 c5 2. Nf3 d6 3. d4 cxd4 4. Nxd4 Nf6 5. Nc3 g6 6. Bc4 Bg7 7. 0-0 0-0 8. h3 Nc6 9. Be3 Bd7 10. Qe2 Nxe4 11. Nxc6 Bxc6 12. Nxe4 Bxe4 13. Bg5 d5 14. Bxe7 Qxe7 15. Bxd5 Rfe8 16. Rfe1 Qc5 17. Bxe4 f5 18. b4 Qd4 19. Qb5 fxe4 20. Rad1 Qf6 21. Qd5+ Kh8 22. Rxe4 Rxe4 23. Qxe4 Rf8 24. Rd7 Qxf2+ 25. Kh2 Qf4+ 26. Qxf4 Rxf4 27. Rxb7 Be5 28. Rb5 Rf5+ 0-1

[Event "Mecklenburg VP VL 1718"]
[Site "Mecklenburg VP"]
[Date "2017.12.10"]
[Round "4.3"]
[White "Schwetlick, Thomas"]
[Black "Hertel, Johannes"]
[Result "1-0"]
[WhiteElo "1815"]
[BlackElo "1895"]
[PlyCount "69"]
[EventDate "2017.10.08"]
[EventType "team-tourn"]
[EventRounds "9"]
[EventCountry "GER"]
[SourceTitle "EXT 2022"]
[Source "ChessBase"]
[SourceDate "2021.10.06"]
[SourceVersion "1"]
[SourceVersionDate "2021.10.06"]
[SourceQuality "1"]
[WhiteTeam "Rostock HSG Uni"]
[BlackTeam "Greifswald II"]
[WhiteTeamCountry "GER"]
[BlackTeamCountry "GER"]

1. d4 Nf6 2. c4 e6 3. Nf3 c5 4. d5 exd5 5. cxd5 d6 6. Nc3 g6 7. e4 Bg7 8. Be2 0-0 9. 0-0 a6 10. a4 Bg4 11. h3 Bxf3 12. Bxf3 Nbd7 13. Bf4 Qe7 14. Qc2 Ne8 15. Be2 Nc7 16. Rad1 f5 17. exf5 Rxf5 18. Bg3 Re8 19. Bg4 Rff8 20. Ne4 Ne5 21. Nxc5 Nxg4 22. hxg4 dxc5 23. d6 Qe2 24. Qxe2 Rxe2 25. dxc7 Bd4 26. b4 Rc2 27. bxc5 Bxc5 28. Rd8 Be7 29. Rd7 Bb4 30. Be5 Rf7 31. Rfd1 Be7 32. f4 Bc5+ 33. Kh2 Be7 34. Rxe7 Rxe7 35. Rd8+ 1-0

[Event "Mecklenburg VP LL 1617"]
[Site "Mecklenburg VP"]
[Date "2017.03.19"]
[Round "7.4"]
[White "Nour, Alaa"]
[Black "Hertel, Johannes"]
[Result "0-1"]
[WhiteElo "2008"]
[BlackElo "1839"]
[PlyCount "104"]
[EventDate "2016.10.16"]
[EventType "team-tourn"]
[EventRounds "9"]
[EventCountry "GER"]
[SourceTitle "EXT 2022"]
[Source "ChessBase"]
[SourceDate "2021.10.06"]
[SourceVersion "1"]
[SourceVersionDate "2021.10.06"]
[SourceQuality "1"]
[WhiteTeam "Rostock SSC 07 II"]
[BlackTeam "Greifswald II"]
[WhiteTeamCountry "GER"]
[BlackTeamCountry "GER"]

1. e4 c5 2. Bc4 e6 3. Nc3 Nc6 4. a3 Nf6 5. d3 d5 6. exd5 exd5 7. Qe2+ Be7 8. Ba2 Bg4 9. Qd2 0-0 10. Nge2 Qd7 11. 0-0 Ne5 12. f3 Be6 13. Nf4 Ng6 14. Nxe6 fxe6 15. Qe2 Rae8 16. Bd2 Bd6 17. Kh1 Nh5 18. Qf2 a6 19. Rae1 Qc7 20. Qg1 Ng3+ 21. hxg3 Bxg3 22. Re2 Qd8 23. Qh2 Bxh2 24. Kxh2 Kh8 25. Rfe1 Qd7 26. Rh1 Nh4 27. Kg1 Nf5 28. Rh3 Nd4 29. Rf2 b5 30. Be3 Qd6 31. Bg5 b4 32. Bh4 bxc3 33. bxc3 Nf5 34. Bg5 Qe5 35. Bd2 Rb8 36. Bb3 c4 37. dxc4 dxc4 38. Bxc4 Rb1+ 39. Bf1 Rd8 40. g4 Qc5 41. Kg2 Ne3+ 42. Bxe3 Qxe3 43. Bd3 Rdb8 44. f4 Rg1+ 45. Kxg1 Qxh3 46. g5 Rb1+ 47. Bf1 Qg3+ 48. Rg2 Qxf4 49. Rf2 Qxg5+ 50. Kh2 h5 51. Rf8+ Kh7 52. Bd3+ g6 0-1

[Event "Mecklenburg VP LL2 Ost 1516"]
[Site "Mecklenburg VP"]
[Date "2016.04.24"]
[Round "9.2"]
[White "Paulowitz, Bernd Rainer"]
[Black "Hertel, Johannes"]
[Result "1/2-1/2"]
[WhiteElo "1887"]
[BlackElo "1835"]
[PlyCount "54"]
[EventDate "2015.09.20"]
[EventType "team-tourn"]
[EventRounds "9"]
[EventCountry "GER"]
[SourceTitle "EXT 2022"]
[Source "ChessBase"]
[SourceDate "2021.10.06"]
[SourceVersion "1"]
[SourceVersionDate "2021.10.06"]
[SourceQuality "1"]
[WhiteTeam "Stralsund FHSG II"]
[BlackTeam "Greifswald II"]
[WhiteTeamCountry "GER"]
[BlackTeamCountry "GER"]

1. d4 Nf6 2. c4 e6 3. Nc3 Bb4 4. Qc2 0-0 5. Nf3 b6 6. e4 d5 7. e5 Ne4 8. a3 Bxc3+ 9. bxc3 Ba6 10. cxd5 exd5 11. Bd3 Bxd3 12. Qxd3 f6 13. 0-0 Nc6 14. exf6 Qxf6 15. Be3 Rae8 16. c4 Qe6 17. Rac1 Ne7 18. Ne5 Nf6 19. c5 Ng4 20. Nxg4 Qxg4 21. h3 Qd7 22. Bd2 Ng6 23. Qa6 h6 24. Qd3 Nf4 25. Bxf4 Rxf4 26. cxb6 cxb6 27. Rfe1 Rfe4 1/2-1/2

[Event "Groningen op 52nd"]
[Site "Groningen"]
[Date "2014.12.23"]
[Round "3"]
[White "Gelip, Ioana"]
[Black "Hertel, Johannes"]
[Result "0-1"]
[WhiteElo "2151"]
[BlackElo "1984"]
[PlyCount "58"]
[EventDate "2014.12.21"]
[EventType "swiss"]
[EventRounds "9"]
[EventCountry "NED"]
[SourceTitle "CBM 164 Extra"]
[Source "ChessBase"]
[SourceDate "2015.03.02"]
[SourceVersion "1"]
[SourceVersionDate "2015.03.02"]
[SourceQuality "1"]

1. e4 c5 2. Nf3 d6 3. d4 cxd4 4. Nxd4 Nf6 5. Nc3 g6 6. Bc4 Bg7 7. Bb3 0-0 8. f3 Nc6 9. Be3 Bd7 10. Qd2 Rc8 11. 0-0-0 Ne5 12. h4 h5 13. g4 hxg4 14. h5 Nxh5 15. Bh6 e6 16. Rdg1 Qf6 17. Bxg7 Qxg7 18. Qg5 Rc5 19. Qe7 gxf3 20. Qxd6 Rfc8 21. Rg5 Qf8 22. Nf5 Qxd6 23. Nxd6 Nd3+ 24. cxd3 Rxg5 25. Nxc8 f2 26. Ne7+ Kf8 27. Nxg6+ Rxg6 28. Ne2 Ng3 29. Nxg3 Rxg3 0-1

[Event "Mecklenburg VP VL 1314"]
[Site "Mecklenburg VP"]
[Date "2013.11.10"]
[Round "2.2"]
[White "Hertel, Johannes"]
[Black "Hubert, Peter"]
[Result "1/2-1/2"]
[WhiteElo "1927"]
[BlackElo "1992"]
[PlyCount "90"]
[EventDate "2013.10.20"]
[EventType "team-tourn"]
[EventRounds "9"]
[EventCountry "GER"]
[SourceTitle "EXT 2022"]
[Source "ChessBase"]
[SourceDate "2021.10.06"]
[SourceVersion "1"]
[SourceVersionDate "2021.10.06"]
[SourceQuality "1"]
[WhiteTeam "Greifswald II"]
[BlackTeam "Stralsund FHSG"]
[WhiteTeamCountry "GER"]
[BlackTeamCountry "GER"]

1. d4 Nf6 2. c4 e6 3. g3 d5 4. Nf3 Bb4+ 5. Bd2 Bxd2+ 6. Nbxd2 0-0 7. Bg2 Nbd7 8. 0-0 c6 9. Qc2 Qe7 10. e4 Nxe4 11. Nxe4 dxe4 12. Qxe4 Qb4 13. Qc2 a5 14. a3 Qd6 15. c5 Qc7 16. Rfe1 Rd8 17. Rad1 Nf6 18. Ne5 Bd7 19. Nc4 Nd5 20. h4 b5 21. Nd6 Nf6 22. a4 Rab8 23. axb5 cxb5 24. Rd2 Bc6 25. Bxc6 Qxc6 26. Ra1 a4 27. Qd3 h6 28. b3 axb3 29. Ra7 Rd7 30. Rxd7 Qxd7 31. Qxb3 b4 32. Ra2 Nd5 33. Ra4 Qc7 34. Nc4 Qc6 35. Ne5 Qb7 36. Nd3 Ra8 37. Rxa8+ Qxa8 38. Qc4 Qa1+ 39. Kg2 b3 40. Qxb3 Qxd4 41. Qc2 Nc3 42. Qd2 Kf8 43. Qe3 Qxe3 44. fxe3 Ke7 45. Kf3 f6 1/2-1/2

[Event "Mecklenburg VP LL2 Ost 1213"]
[Site "Mecklenburg VP"]
[Date "2012.11.25"]
[Round "3.2"]
[White "Hertel, Johannes"]
[Black "Ballmann, Horst Gerhard"]
[Result "0-1"]
[WhiteElo "1953"]
[BlackElo "1741"]
[PlyCount "79"]
[EventDate "2012.10.14"]
[EventType "team-tourn"]
[EventRounds "9"]
[EventCountry "GER"]
[SourceTitle "EXT 2022"]
[Source "ChessBase"]
[SourceDate "2021.10.06"]
[SourceVersion "1"]
[SourceVersionDate "2021.10.06"]
[SourceQuality "1"]
[WhiteTeam "Greifswald II"]
[BlackTeam "Neubrandenburg SV Turbine"]
[WhiteTeamCountry "GER"]
[BlackTeamCountry "GER"]

1. d4 Nf6 2. c4 g6 3. Nf3 Bg7 4. Nc3 0-0 5. e4 d6 6. Be2 c5 7. 0-0 Nc6 8. d5 Nb4 9. a3 Na6 10. h3 Ne8 11. Bf4 Bd7 12. Qd2 f6 13. Rab1 Qc8 14. b4 g5 15. Be3 h6 16. g4 h5 17. Nh2 hxg4 18. hxg4 Kf7 19. b5 Nb8 20. Kg2 Rh8 21. Rh1 a6 22. a4 axb5 23. axb5 Ra3 24. Qb2 Ra8 25. f3 Nc7 26. Rbg1 Qg8 27. Nf1 Rxh1 28. Rxh1 Bc8 29. e5 fxe5 30. Ne4 Ke8 31. Bxg5 Nd7 32. Qc2 Nf6 33. Bxf6 Bxf6 34. Nfg3 Kd8 35. Nxf6 exf6 36. Rh6 Ne8 37. Qh7 Qg5 38. Ne4 Qe3 39. Bf1 Ra2+ 40. Kh1 0-1

[Event "Mecklenburg VP LL2 Ost 1213"]
[Site "Mecklenburg VP"]
[Date "2012.10.14"]
[Round "1.3"]
[White "Schmidt, Paul1111"]
[Black "Hertel, Johannes"]
[Result "0-1"]
[WhiteElo "1567"]
[BlackElo "1953"]
[PlyCount "78"]
[EventDate "2012.10.14"]
[EventType "team-tourn"]
[EventRounds "9"]
[EventCountry "GER"]
[SourceTitle "EXT 2022"]
[Source "ChessBase"]
[SourceDate "2021.10.06"]
[SourceVersion "1"]
[SourceVersionDate "2021.10.06"]
[SourceQuality "1"]
[WhiteTeam "Torgelow Droegeheide II"]
[BlackTeam "Greifswald II"]
[WhiteTeamCountry "GER"]
[BlackTeamCountry "GER"]

1. e4 c5 2. d4 cxd4 3. c3 Nf6 4. e5 Nd5 5. cxd4 d6 6. Bc4 e6 7. Nf3 Nc6 8. 0-0 Be7 9. Bxd5 exd5 10. Nc3 dxe5 11. dxe5 Be6 12. Re1 0-0 13. Be3 Qa5 14. a3 d4 15. b4 Qb6 16. Nxd4 Rfd8 17. Nxe6 Rxd1 18. Bxb6 Rxe1+ 19. Rxe1 axb6 20. Nf4 Rxa3 21. Nfd5 Bxb4 22. Nxb4 Rxc3 23. Nd5 Rc5 24. Nxb6 Rxe5 25. Ra1 g6 26. f4 Rb5 27. Nd7 Kg7 28. g3 Rb2 29. Rd1 h5 30. Nc5 b5 31. Nd3 Rc2 32. Rb1 Rd2 33. Nc5 Nd4 34. Kf1 Rxh2 35. Rb4 Rc2 36. Ne4 Rc4 37. Rb2 Rc1+ 38. Kf2 Rc2+ 39. Rxc2 Nxc2 0-1

[Event "Kiel op 22nd"]
[Site "Kiel"]
[Date "2009.08.01"]
[Round "1"]
[White "Hertel, Johannes"]
[Black "Saptarshi, Roy Chowdhury"]
[Result "1/2-1/2"]
[WhiteElo "1976"]
[BlackElo "2413"]
[PlyCount "28"]
[EventDate "2009.08.01"]
[EventType "swiss"]
[EventRounds "7"]
[EventCountry "GER"]
[SourceTitle "EXT 2010"]
[Source "ChessBase"]
[SourceDate "2010.11.25"]
[SourceVersion "1"]
[SourceVersionDate "2010.11.25"]
[SourceQuality "1"]

1. d4 d5 2. c4 e5 3. dxe5 d4 4. Nf3 Nc6 5. g3 Nge7 6. Bg2 Ng6 7. 0-0 Ngxe5 8. Nbd2 g6 9. b4 Nxf3+ 10. Nxf3 Nxb4 11. Nxd4 Bg7 12. Qa4+ Bd7 13. Qxb4 Bxd4 14. Bb2 c5 1/2-1/2